04656njm a2200589Ia 450000100060000000300090000600500170001500800410003204000130007304000130008610000110009910000180011010000380012824500500016625000110021626000110022726000440023830000170028230000290029950000160032850506330034451101740097751101830115151101720133451101020150651101010160851101660170951101740187551101800204965000480222970000640227770000940234170000830243570000720251870000910259070000780268170000960275970000800285570001200293570000910305570000800314670001000322670000720332670000700339870000860346870000710355470000960362570000930372170000820381470000960389670000740399240477IT-RoPAU20220918181136.0131025s9999 xx 000 0 und d aIT-RoPAU cIT-RoPAU aAA.VV. eAutore musica gCodice autore musica SPICS: 12000 aJazz. Gli uomini, gli strumenti, gli stili 71 a2a ed. aMILANO bFRATELLI FABBRI EDITORIc1987 [1a Ed.:] aMUSICASSETTA c38 minuti (Testo: pag.) aMusica jazz aIt's Right Here For You [(New York, 30.11.1939) (4:00)] - That's A Planty [(New York, 27.11.1943) (5:00)] - Royal Gardner Blues [(New York, 27.11.1943) (3:00)] - Save Your Sorrow For Tomorrow [(New York, 11.12.1943) (3:00)] - Take Me Back To the Land of Jazz [(New York, 30.9.1944) (4:00)] - Pee Wee Blues [(New York, 9.10.1944) (3:00)] - Back in Your Own Backyard [(New York, 11.12.1943) (3:00)] - Sqeeze Me [(New York, 19.1.1945) (3:00)] - Ghost of A Chance [(New York, 19.1.1945) (3:00)] - Down Among the Sheltering Palms [(New York, 6.8.1947) (3:00)] - Rose of Washington Square [(2'40) (3:00)] - D. A. Blues [(3'27) (4:00)] aKaminski Max: tr; Gowans Brad: tbne; Russell Pee Wee: cl; Bushkin Joe: p; Condon Eddie: chit; Shapiro Artie: cb; Wettling George: batt; Eddie Condon and His Dixielanders aRussell Pee Wee: cl; Condon Eddie: chit; Davison Wild Bill: tr; Brunis George: tbne; Schroeder Gene: p; Casey Bob: cb; Wettling George: batt; Wild Bill Davison and His Commodores aKaminski Max: tr; Russell Pee Wee: cl; McGarity Lou: tbne; Casey Bob: cb; Condon Eddie: chit; Schroeder Gene: p; Wettling George: batt; Eddie Condon and His Chicagoans aStacy Jess: p; Weiss Sid: cb; Russell Pee Wee: cl; Wettling George: batt; Pee Wee Russell Quartet aHarry Gibson: p; Russell Pee Wee: cl; Haggart Bob: cb; Krupa Gene: batt; Pee Wee Russell Quartet aKaminski Max: tr; Russell Pee Wee: cl; McGarity Lou: tbne; Casey Bob: cb; Condon Eddie: chit; Schroeder Gene: p; Wettling George: batt; Max Kaminski and His Band aRussell Pee Wee: cl; Condon Eddie: chit; Davison Wild Bill: tr; McGarity Lou: tbne; Carry Dick: p; Casey Bob: cb; Alvin Danny: batt; Wild Bill Davison and His Commodores aRussell Pee Wee: cl; Condon Eddie: chit; Davison Wild Bill: tr; Rayman Morey: cb; Schroeder Gene: p; Blowers Johnny: batt; Teagarden Jack: tbne; Eddie Condon and His Orchestra aJAZZ [CASSETTE]eCodice MATERIA SPICS: 9951 aRussell Pee WeegCodice interprete SPICS: 18977eInterprete aBradford PerrygCodice autore musica SPICS: 18984eAutore musicapIt's Right Here For You aPollack BengCodice autore musica SPICS: 10735eAutore musicapThat's A Planty aGilbert RobertgCodice autore SPICS: 14464eAutorepThat's A Planty aWilliams CootiegCodice autore musica SPICS: 13053eAutore musicapRoyal Gardner Blues aWilliams SpencergCodice autore SPICS: 10731eAutorepRoyal Gardner Blues aSherman J.gCodice autore musica SPICS: 18049eAutore musicapSave Your Sorrow For Tomorrow aDe SylvagCodice autore SPICS: 15875eAutorepSave Your Sorrow For Tomorrow aRussell Pee WeegCodice autore musica SPICS: 18977eAutore musicapTake Me Back To the Land of Jazz - Pee Wee Blues aJolson AlgCodice autore musica SPICS: 15734eAutore musicapBack In Your Own Backyard aRose VincentgCodice autore SPICS: 15733eAutorepBack In Your Own Backyard aDreyergCodice autore testo/musica SPICS: 18985eAutore testo/musicapBack In Your Own Backyard aWilliamsgdice autore musica SPICS: 20150eAutore musicapSqeeze Me aWaller Thomas FatsgCodice autore SPICS: 15948eAutorepSqeeze Me aYoung VictorgCodice autore musica SPICS: 11205eAutore musicapGhost of A Chance aCrosby BinggCodice autore SPICS: 16409eAutorepGhost of A Chance aWashingtongCodice autore testo/musica SPICS: 20489eAutore testo/musicapGhost of A Chance aOlmangCodice autore musica SPICS: 18986eAutore musicapDown Among the Sheltering Palms aBrockmangCodice autore SPICS: 18987eAutorepDown Among the Sheltering Palms aMelrose LestergCodice autore musica SPICS: 18857eAutore musicapRose of Washington Square aAnonimogCodice autore musica SPICS: 2620eAutore musicapD. A. Blues